[Event "Klub Kölner SF 1 - SV Wattenscheid 1"]
[Site "Oberliga NRW 2016/2017"]
[Date "2017.03.05"]
[Round "7.1"]
[White "Koscielski, Janusz"]
[Black "Seul, Georg"]
[Result "1/2-1/2"]
[WhiteElo "2257"]
[BlackElo "2351"]
[PlyCount "99"]
[EventDate "2017.??.??"]
[WhiteTeam "SV Wattenscheid 1"]
[BlackTeam "Klub Kölner SF 1"]

1. e4 e5 2. Nf3 Nc6 3. Nc3 Nf6 4. Bb5 Bd6 5. a3 Nd4 6. Bc4 c6 7. d3 Bc7 8. Nxd4
exd4 9. Ne2 O-O 10. Bg5 d5 11. Ba2 Re8 12. f3 Ba5+ 13. b4 Bb6 14. O-O a5 15.
Qd2 Qd6 16. Kh1 axb4 17. axb4 Ra4 18. Bb3 Rxa1 19. Rxa1 Nd7 20. Bf4 Ne5 21. Ra8
Bd7 22. Rxe8+ Bxe8 23. Bg3 f6 24. Bf2 Bf7 25. Nxd4 Bxd4 26. Bxd4 dxe4 27. Bxf7+
Kxf7 28. dxe4 Nc4 29. Qc3 b5 30. h3 h5 31. Kg1 Qf4 32. Qe1 g5 33. c3 h4 34. Qd1
Ke6 35. Bf2 Qd2 36. Qxd2 Nxd2 37. Be3 Nc4 38. Bd4 Nb2 39. Kf2 Nd3+ 40. Kf1 Nf4
41. Bb6 Kd6 42. Be3 Ke5 43. Bxf4+ gxf4 44. Ke2 Ke6 45. Kd3 Ke5 46. c4 Ke6 47.
Kc3 Ke5 48. Kd3 Ke6 49. Kc3 Ke5 50. Kd3 1/2-1/2

[Event "Klub Kölner SF 1 - SV Wattenscheid 1"]
[Site "Oberliga NRW 2016/2017"]
[Date "2017.03.05"]
[Round "7.2"]
[White "Strohhaeker, Raoul"]
[Black "Franke, Johannes"]
[Result "1-0"]
[WhiteElo "2389"]
[BlackElo "2262"]
[PlyCount "59"]
[EventDate "2017.??.??"]
[WhiteTeam "Klub Kölner SF 1"]
[BlackTeam "SV Wattenscheid 1"]

1. e4 c6 2. d4 d5 3. e5 Bf5 4. Be3 e6 5. Nd2 Nd7 6. Nb3 Ne7 7. Be2 c5 8. Nxc5
Nxc5 9. dxc5 Nc6 10. Nf3 Be4 11. O-O Bxf3 12. Bxf3 Nxe5 13. Bd4 Nc6 14. c4 dxc4
15. Qa4 Rc8 16. Rad1 Qc7 17. Rfe1 b6 18. cxb6 axb6 19. Qb5 Bc5 20. Bxg7 Rg8 21.
Bf6 Be7 22. Be5 Qb7 23. Bd4 Rg5 24. Qxc4 Nxd4 25. Qxd4 Qb8 26. Qh8+ Bf8 27.
Qxh7 Rg7 28. Qh5 Bc5 29. Rxe6+ Kf8 30. Rh6 1-0

[Event "Klub Kölner SF 1 - SV Wattenscheid 1"]
[Site "Oberliga NRW 2016/2017"]
[Date "2017.03.05"]
[Round "7.3"]
[White "Sandkamp, Ralph"]
[Black "Morawietz, Dieter"]
[Result "1-0"]
[WhiteElo "2168"]
[BlackElo "2381"]
[PlyCount "59"]
[EventDate "2017.??.??"]
[WhiteTeam "SV Wattenscheid 1"]
[BlackTeam "Klub Kölner SF 1"]

1. Nf3 Nf6 2. g3 g6 3. Bg2 d5 4. O-O Bg7 5. d3 O-O 6. c3 c5 7. Qa4 Nc6 8. Qh4
Re8 9. Bh6 Qb6 10. Bxg7 Kxg7 11. b3 h6 12. Qa4 Bd7 13. Qa3 a5 14. Nbd2 d4 15.
Nc4 Qa7 16. cxd4 cxd4 17. Nfe5 Nb4 18. Nxd7 Nxd7 19. Qb2 Nf6 20. a3 Nbd5 21. b4
a4 22. e3 b5 23. Na5 Rac8 24. Rac1 Rc3 25. Nc6 Qd7 26. Nxd4 Rxd3 27. Be4 Nxe3
28. Bxd3 Nxf1 29. Bxb5 Qh3 30. Bxf1 1-0

[Event "Klub Kölner SF 1 - SV Wattenscheid 1"]
[Site "Oberliga NRW 2016/2017"]
[Date "2017.03.05"]
[Round "7.4"]
[White "Wacker, Peter"]
[Black "Kaehmann, Joerg"]
[Result "1-0"]
[WhiteElo "2290"]
[BlackElo "2186"]
[PlyCount "71"]
[EventDate "2017.??.??"]
[WhiteTeam "Klub Kölner SF 1"]
[BlackTeam "SV Wattenscheid 1"]

1. e4 d6 2. Nc3 c5 3. f4 Nc6 4. Bb5 Bd7 5. Nf3 g6 6. d3 Bg7 7. Bxc6 Bxc6 8. O-O
Nf6 9. Qe1 O-O 10. Qh4 d5 11. f5 dxe4 12. dxe4 e5 13. fxg6 fxg6 14. Bg5 h6 15.
Bxh6 Nxe4 16. Qxd8 Raxd8 17. Bxg7 Kxg7 18. Nxe4 Bxe4 19. Ng5 Bf5 20. Rf2 Kh6
21. h4 Kh5 22. Re1 Rfe8 23. Rfe2 Kxh4 24. Nf3+ Kh5 25. Nxe5 Rf8 26. Nf3 Bg4 27.
Re5+ Kh6 28. Nh2 Bf5 29. Rxc5 Rd2 30. Nf3 Rxc2 31. Rxc2 Bxc2 32. Re7 Rb8 33. g4
Bb1 34. Kf2 Bxa2 35. g5+ Kh5 36. Kg3 1-0

[Event "Klub Kölner SF 1 - SV Wattenscheid 1"]
[Site "Oberliga NRW 2016/2017"]
[Date "2017.03.05"]
[Round "7.5"]
[White "Hirsch, Stefan"]
[Black "Helbig, Mark"]
[Result "0-1"]
[WhiteElo "2158"]
[BlackElo "2317"]
[PlyCount "78"]
[EventDate "2017.??.??"]
[WhiteTeam "SV Wattenscheid 1"]
[BlackTeam "Klub Kölner SF 1"]

1. e4 c6 2. Nc3 d5 3. Nf3 dxe4 4. Nxe4 Bf5 5. Ng3 Bg4 6. Be2 e6 7. O-O Nd7 8.
d4 Ngf6 9. c4 Bd6 10. Be3 O-O 11. Qd2 Qc7 12. Rfd1 Rfd8 13. Rac1 a5 14. h3 Bxf3
15. Bxf3 Rac8 16. Ne4 Nxe4 17. Bxe4 f5 18. Bb1 f4 19. Qc2 Nf6 20. Bd2 f3 21.
gxf3 Bh2+ 22. Kg2 Bf4 23. Be3 Rf8 24. Bxf4 Qxf4 25. Qd2 Qh4 26. Qe3 Rce8 27.
Rh1 Nh5 28. Rcg1 c5 29. Be4 cxd4 30. Qxd4 Nf4+ 31. Kf1 Qe7 32. Bc2 g6 33. h4 e5
34. Qc3 Rd8 35. Rg5 Rd4 36. Qxa5 Rfd8 37. Kg1 Rd2 38. Be4 Qe6 39. Bd5 R8xd5 0-1

[Event "Klub Kölner SF 1 - SV Wattenscheid 1"]
[Site "Oberliga NRW 2016/2017"]
[Date "2017.03.05"]
[Round "7.6"]
[White "Bonnmann, Reinhard"]
[Black "Schroeder, Wilfried"]
[Result "1/2-1/2"]
[WhiteElo "2243"]
[BlackElo "2164"]
[Annotator "Daniel"]
[PlyCount "75"]
[EventDate "2017.??.??"]
[WhiteTeam "Klub Kölner SF 1"]
[BlackTeam "SV Wattenscheid 1"]

1. d4 d5 2. Nf3 e6 3. c4 c6 4. g3 Nf6 5. Bg2 Nbd7 6. O-O Be7 7. Qc2 O-O 8. Nbd2
b6 9. Rd1 Bb7 10. e4 Rc8 11. e5 Ne8 12. cxd5 cxd5 13. Qb3 Nb8 14. Nf1 Nc7 15.
Bd2 Nc6 16. Rdc1 Qd7 17. h4 Na6 18. Ne3 Na5 19. Bxa5 bxa5 20. Bf1 a4 21. Qd1 a3
22. b3 Nb4 23. Qd2 Rxc1 24. Rxc1 Rc8 25. Rxc8+ Qxc8 26. Ne1 Ba6 27. Nd3 Bxd3
28. Bxd3 a5 29. Kg2 Bd8 30. Nc2 Nxc2 31. Bxc2 Qc6 32. Qd3 g6 33. h5 Be7 34. f4
$11 Bb4 35. hxg6 hxg6 36. Kf3 Qc3 37. Qxc3 Bxc3 38. Ke3 1/2-1/2

[Event "Klub Kölner SF 1 - SV Wattenscheid 1"]
[Site "Oberliga NRW 2016/2017"]
[Date "2017.03.05"]
[Round "7.7"]
[White "Voss, Gunther"]
[Black "Wisskirchen, Andreas"]
[Result "1/2-1/2"]
[WhiteElo "2083"]
[BlackElo "2176"]
[PlyCount "53"]
[EventDate "2017.??.??"]
[WhiteTeam "SV Wattenscheid 1"]
[BlackTeam "Klub Kölner SF 1"]

1. e4 c5 2. Nf3 d6 3. d4 cxd4 4. Nxd4 Nf6 5. Nc3 g6 6. Be3 Bg7 7. f3 O-O 8. Qd2
Nc6 9. O-O-O Nxd4 10. Bxd4 Be6 11. Kb1 Qc7 12. Nb5 Qb8 13. g4 a6 14. Nc3 b5 15.
h4 Rc8 16. g5 Nh5 17. Bxg7 Kxg7 18. Bh3 Rc4 19. Ne2 Bxh3 20. Rxh3 Qc8 21. Rh2
Qe6 22. Nf4 Nxf4 23. Qxf4 Qe5 24. Qxe5+ dxe5 25. Rd7 Rd4 26. Rd2 Rxd2 27. Rxd2
1/2-1/2

[Event "Klub Kölner SF 1 - SV Wattenscheid 1"]
[Site "Oberliga NRW 2016/2017"]
[Date "2017.03.05"]
[Round "7.8"]
[White "Ludwig, Peter"]
[Black "Schlehoefer, Ralf"]
[Result "0-1"]
[WhiteElo "2114"]
[BlackElo "2216"]
[PlyCount "110"]
[EventDate "2017.??.??"]
[WhiteTeam "Klub Kölner SF 1"]
[BlackTeam "SV Wattenscheid 1"]

1. Nf3 d6 2. c4 g6 3. g3 Bg7 4. Bg2 e5 5. Nc3 Nc6 6. d3 Nge7 7. O-O h6 8. Rb1
Be6 9. b4 a6 10. a4 Qd7 11. b5 axb5 12. axb5 Nd8 13. Nd2 Bh3 14. Nd5 Bxg2 15.
Kxg2 Ne6 16. Nxe7 Kxe7 17. Rh1 f5 18. e3 d5 19. Qb3 Rhd8 20. Ba3+ Kf7 21. Rhd1
d4 22. e4 f4 23. Nf3 Ng5 24. c5+ Kf6 25. Nxg5 hxg5 26. c6 bxc6 27. bxc6 Qxc6
28. h4 gxh4 29. gxf4 exf4 30. Rdc1 Qd7 31. e5+ Kxe5 32. Rc5+ Kf6 33. Rbc1 Rxa3
34. Rc6+ Kg5 35. R1c5+ Kh6 36. Qd1 Be5 37. Qf3 Rc3 38. Rxg6+ Kxg6 39. Rxe5 Qc6
40. Re4 Rd5 41. Kh2 Rg5 42. Qe2 f3 43. Qxf3 Qd6+ 44. Kh3 Qd7+ 45. Kh2 h3 46.
Re1 Qd6+ 47. Kh1 Qc6 48. Re4 Rc1+ 49. Kh2 Qd6+ 50. Rf4 Rcg1 51. Qe4+ Kh6 52.
Qf3 R5g2+ 53. Kxh3 Qe6+ 54. Rf5 Rg5 55. Qh5+ Rxh5# 0-1

[Event "DJK Aufwärts Aachen 2 - SK Königsspring"]
[Site "Oberliga NRW 2016/2017"]
[Date "2017.03.05"]
[Round "7.1"]
[White "Scheider, Julian"]
[Black "Godart, Francois"]
[Result "1/2-1/2"]
[WhiteElo "2296"]
[BlackElo "2393"]
[PlyCount "108"]
[EventDate "2017.??.??"]
[WhiteTeam "SK Königsspringer Iserlohn 1"]
[BlackTeam "DJK Aufwärts Aachen 2"]

1. e4 e6 2. d4 d5 3. Nc3 Bb4 4. Nge2 dxe4 5. a3 Be7 6. Nxe4 Nf6 7. N2g3 O-O 8.
Be2 Nxe4 9. Nxe4 Nd7 10. O-O b6 11. Bf3 Rb8 12. Bf4 Bb7 13. h3 Nf6 14. Nxf6+
Bxf6 15. Bxb7 Rxb7 16. Be5 Bxe5 17. dxe5 c6 18. Qe2 Qe7 19. Rad1 Rd8 20. Rxd8+
Qxd8 21. Qf3 Qc8 22. Rd1 Rd7 23. Rd3 h6 24. Qd1 Rxd3 25. Qxd3 Qc7 26. f4 b5 27.
Kf2 Kf8 28. Kf3 Ke8 29. b4 g6 30. Qd4 Qd7 31. Ke4 Qxd4+ 32. Kxd4 h5 33. g4 hxg4
34. hxg4 Kd7 35. Ke4 Ke7 36. f5 gxf5+ 37. gxf5 Ke8 38. fxe6 fxe6 39. Kd4 Kd7
40. Ke4 Ke8 41. Kd4 Kd7 42. Kc5 Kc7 43. c3 Kd7 44. c4 bxc4 45. Kxc4 Kc7 46. Kc5
Kd7 47. a4 Kc7 48. b5 cxb5 49. axb5 Kd7 50. b6 a6 51. b7 Kc7 52. b8=Q+ Kxb8 53.
Kb6 a5 54. Kxa5 Ka7 1/2-1/2

[Event "DJK Aufwärts Aachen 2 - SK Königsspring"]
[Site "Oberliga NRW 2016/2017"]
[Date "2017.03.05"]
[Round "7.2"]
[White "Buscher, Michael"]
[Black "Eckardt, Joshua"]
[Result "1/2-1/2"]
[WhiteElo "2355"]
[BlackElo "2205"]
[Annotator "Daniel"]
[PlyCount "68"]
[EventDate "2017.??.??"]
[WhiteTeam "DJK Aufwärts Aachen 2"]
[BlackTeam "SK Königsspringer Iserlohn 1"]

1. f4 Nh6 2. Nf3 g6 3. e4 d5 4. exd5 Qxd5 5. Nc3 Qa5 6. Qe2 Bg7 7. Qb5+ Qxb5 8.
Nxb5 Na6 9. c3 O-O 10. d4 c5 11. Be3 b6 12. Be2 Bb7 13. O-O-O Nf5 $11 14. Bf2
cxd4 15. Nbxd4 Nxd4 16. Bxd4 Rfd8 17. Rhe1 Nc5 18. g3 Rac8 19. Bxg7 Kxg7 20.
Rxd8 Rxd8 21. Nd4 e6 22. Kc2 Be4+ 23. Kd2 Bd5 24. Ke3 a5 25. Rd1 Kf6 26. g4 h6
27. h4 a4 28. Nc6 Rc8 29. g5+ hxg5 30. hxg5+ Kg7 31. Ne7 Re8 32. Nxd5 exd5+ 33.
Kf3 a3 34. b3 Ne4 1/2-1/2

[Event "DJK Aufwärts Aachen 2 - SK Königsspring"]
[Site "Oberliga NRW 2016/2017"]
[Date "2017.03.05"]
[Round "7.3"]
[White "Franke, Thomas"]
[Black "Skulener, Wladimir"]
[Result "0-1"]
[WhiteElo "2093"]
[BlackElo "2345"]
[PlyCount "52"]
[EventDate "2017.??.??"]
[WhiteTeam "SK Königsspringer Iserlohn 1"]
[BlackTeam "DJK Aufwärts Aachen 2"]

1. c4 e5 2. g3 f5 3. Bg2 Nf6 4. Nc3 Bb4 5. Qb3 Bxc3 6. bxc3 Nc6 7. d3 O-O 8.
Nf3 d6 9. c5+ Kh8 10. cxd6 cxd6 11. O-O Qe7 12. Rb1 Rb8 13. Bg5 Be6 14. Qb5
Bxa2 15. Rb2 Be6 16. Rfb1 Qc7 17. Nh4 Nd7 18. Bd5 a6 19. Qc4 Bxd5 20. Qxd5 Nc5
21. Be3 Na4 22. Rb3 b5 23. c4 b4 24. c5 dxc5 25. Ra1 Rbd8 26. Qc4 Na5 0-1

[Event "DJK Aufwärts Aachen 2 - SK Königsspring"]
[Site "Oberliga NRW 2016/2017"]
[Date "2017.03.05"]
[Round "7.4"]
[White "Gulbas, Cemil"]
[Black "Kind, Bertram"]
[Result "1-0"]
[WhiteElo "2340"]
[BlackElo "2166"]
[PlyCount "113"]
[EventDate "2017.??.??"]
[WhiteTeam "DJK Aufwärts Aachen 2"]
[BlackTeam "SK Königsspringer Iserlohn 1"]

1. e4 c5 2. Nf3 Nc6 3. d4 cxd4 4. Nxd4 Nf6 5. Nc3 e6 6. Ndb5 Bb4 7. a3 Bxc3+ 8.
Nxc3 d5 9. exd5 exd5 10. Bd3 O-O 11. O-O d4 12. Ne2 Bg4 13. f3 Bh5 14. Nf4 Re8
15. Nxh5 Nxh5 16. f4 Nf6 17. Qf3 Qd5 18. Qxd5 Nxd5 19. Bd2 Re7 20. Rfe1 Rae8
21. Rxe7 Rxe7 22. Kf2 g6 23. Re1 Rxe1 24. Kxe1 Kg7 25. Be4 Nc7 26. Ke2 Ne6 27.
b4 f5 28. Bd5 Kf6 29. Kd3 Ncd8 30. g3 Ke7 31. Bc1 Kd6 32. Bh1 b5 33. Bb2 Nc6
34. Bxc6 Kxc6 35. Bxd4 a6 36. c4 Kd6 37. Kc3 Kc6 38. a4 bxa4 39. Bf6 Nc7 40.
Kb2 a5 41. b5+ Kc5 42. Kc3 Ne6 43. Be7+ Kb6 44. h3 Kc7 45. Ba3 Kb6 46. Bc1 Kc7
47. Be3 Ng7 48. Kb2 Nh5 49. Ka3 Nxg3 50. Kxa4 Nf1 51. Bc1 Ng3 52. Kxa5 Ne2 53.
Bb2 g5 54. Be5+ Kb7 55. c5 gxf4 56. c6+ Kc8 57. b6 1-0

[Event "DJK Aufwärts Aachen 2 - SK Königsspring"]
[Site "Oberliga NRW 2016/2017"]
[Date "2017.03.05"]
[Round "7.5"]
[White "Klauke, Stefan"]
[Black "Marcziter, Dmitrii"]
[Result "0-1"]
[WhiteElo "2109"]
[BlackElo "2267"]
[PlyCount "46"]
[EventDate "2017.??.??"]
[WhiteTeam "SK Königsspringer Iserlohn 1"]
[BlackTeam "DJK Aufwärts Aachen 2"]

1. e4 c5 2. d4 cxd4 3. Nf3 a6 4. c3 dxc3 5. Nxc3 e6 6. Bc4 Nc6 7. O-O Qc7 8.
Qe2 Bd6 9. Rd1 Ne5 10. Nxe5 Bxe5 11. g3 b5 12. Bb3 Nf6 13. Be3 O-O 14. Rac1 Qb8
15. f3 Bb7 16. Rd2 Re8 17. Rcd1 h6 18. Bc5 d5 19. exd5 Bxc3 20. dxe6 Kh8 21.
bxc3 fxe6 22. Re1 e5 23. Bf7 Qc7 0-1

[Event "DJK Aufwärts Aachen 2 - SK Königsspring"]
[Site "Oberliga NRW 2016/2017"]
[Date "2017.03.05"]
[Round "7.6"]
[White "Lenaerts, Lennert"]
[Black "Schwanbeck, Christoph"]
[Result "1-0"]
[WhiteElo "2292"]
[BlackElo "2072"]
[Annotator "Daniel"]
[PlyCount "43"]
[EventDate "2017.??.??"]
[WhiteTeam "DJK Aufwärts Aachen 2"]
[BlackTeam "SK Königsspringer Iserlohn 1"]

1. d4 Nf6 2. c4 c5 3. d5 e5 4. Nc3 d6 5. e4 Be7 6. h3 h6 7. Bd3 Nbd7 8. Be3 a6
9. Nf3 Nf8 10. Nd2 Ng6 11. g3 Nh7 12. Qe2 Bg5 $11 13. O-O-O Bd7 14. Rdf1 Bxe3
15. Qxe3 Qe7 16. f4 exf4 17. gxf4 O-O-O 18. e5 Nh4 19. Nde4 Nf5 20. exd6 Nxe3
21. dxe7 Rde8 22. Nd6+ 1-0

[Event "DJK Aufwärts Aachen 2 - SK Königsspring"]
[Site "Oberliga NRW 2016/2017"]
[Date "2017.03.05"]
[Round "7.7"]
[White "Kramps, Rene"]
[Black "Juegel, Marcel"]
[Result "0-1"]
[WhiteElo "2048"]
[BlackElo "2161"]
[Annotator "Daniel"]
[PlyCount "134"]
[EventDate "2017.??.??"]
[WhiteTeam "SK Königsspringer Iserlohn 1"]
[BlackTeam "DJK Aufwärts Aachen 2"]

1. e4 e6 2. d4 b6 3. Bd3 Bb7 4. Qe2 c5 5. Nf3 cxd4 6. Nxd4 Nc6 7. Nxc6 Bxc6 8.
Nc3 Bc5 9. Be3 Qe7 10. O-O Nh6 11. Rad1 Bxe3 12. Qxe3 O-O 13. e5 f5 14. exf6
Rxf6 15. Ne4 Rg6 16. Ng3 Ng4 17. Qe2 Nxh2 18. Bxg6 Nxf1 19. Bxh7+ Kxh7 20. Qh5+
$11 Kg8 21. Rxf1 Rf8 22. f3 Qb4 23. Qe5 Qd2 24. c3 Rf6 25. Nh5 Rg6 26. Nf4 Rf6
27. Nh5 Rf7 28. Re1 Qh6 29. Ng3 Qd2 30. Re2 Qd1+ 31. Kf2 Qa4 32. b4 Bd5 33. Nh5
$11 Qc6 34. Nf4 Bc4 35. Rd2 Rf5 36. Qb8+ Rf8 37. Qe5 Rf5 38. Qb8+ Kf7 39. g4
Rf6 40. Qe5 b5 41. g5 Rf5 42. g6+ Kf8 43. Qb8+ Ke7 44. Rd4 e5 45. Re4 Qf6 46.
Rxc4 Qh4+ 47. Ke2 Qh2+ 48. Ke1 Qh4+ 49. Ke2 Qh2+ 50. Ke1 Qg1+ 51. Ke2 exf4 52.
Re4+ Kf6 53. Qd6+ Kg5 54. Qxd7 Qg2+ 55. Ke1 Qxf3 56. Re2 Qxc3+ 57. Kf2 Qg3+ 58.
Kf1 Qf3+ 59. Ke1 Qc3+ 60. Kf2 Qg3+ 61. Kf1 f3 62. Qd8+ Kxg6 63. Re6+ Kh7 64.
Rh6+ Kxh6 65. Qh8+ Kg6 66. Qe8+ Kh7 67. Qh5+ Rxh5 0-1

[Event "DJK Aufwärts Aachen 2 - SK Königsspring"]
[Site "Oberliga NRW 2016/2017"]
[Date "2017.03.05"]
[Round "7.8"]
[White "Tochtenhagen, Wolfgang"]
[Black "Franz, Christian"]
[Result "1-0"]
[WhiteElo "2072"]
[BlackElo "2014"]
[PlyCount "101"]
[EventDate "2017.??.??"]
[WhiteTeam "DJK Aufwärts Aachen 2"]
[BlackTeam "SK Königsspringer Iserlohn 1"]

1. e4 c5 2. Nf3 d6 3. d4 cxd4 4. Nxd4 Nf6 5. Nc3 g6 6. Be3 Bg7 7. Bc4 O-O 8. f3
Nc6 9. Qd2 Bd7 10. Bb3 Rc8 11. O-O-O Ne5 12. h4 h5 13. Nde2 Qa5 14. Kb1 Rfe8
15. Bg5 Nh7 16. Bh6 Bh8 17. Qf4 Nc4 18. Rd5 Qb6 19. g4 Bxc3 20. Nxc3 e5 21. Qg3
Nf6 22. Rd3 Be6 23. Bg5 Qd8 24. Bxf6 Qxf6 25. gxh5 Rcd8 26. hxg6 Qxg6 27. Qf2
Qh6 28. Rhd1 Kf8 29. Nb5 Ke7 30. Nc7 Rh8 31. Nxe6 Qxe6 32. Qxa7 Rd7 33. Bxc4
Qxc4 34. Qe3 f6 35. f4 Rh5 36. fxe5 Rxe5 37. Rd4 Qe6 38. Qh6 Kd8 39. Qg6 Kc7
40. b3 b5 41. Rd5 Rxe4 42. Rxb5 Rxh4 43. Qg2 Re4 44. Qd2 Kd8 45. Rh1 Qf7 46.
Qa5+ Ke7 47. Qa8 Qg6 48. Qc8 Re5 49. Rb8 Qf7 50. Rh7 Qxh7 51. Qe8# 1-0

[Event "Godesberger SK 1 - Bahn-SC Wuppertal 1"]
[Site "Oberliga NRW 2016/2017"]
[Date "2017.03.05"]
[Round "7.1"]
[White "Savchenko, Vyacheslav"]
[Black "Wecker, Martin"]
[Result "1-0"]
[WhiteElo "2341"]
[BlackElo "2124"]
[PlyCount "81"]
[EventDate "2017.??.??"]
[WhiteTeam "Bahn-SC Wuppertal 1"]
[BlackTeam "Godesberger SK 1"]

1. e4 c5 2. Nf3 e6 3. d4 cxd4 4. Nxd4 Nc6 5. f4 Bc5 6. Nb3 Bb6 7. Nc3 Nge7 8.
Qf3 d5 9. Bd2 O-O 10. O-O-O dxe4 11. Qxe4 Nd5 12. Bd3 Nf6 13. Qf3 e5 14. f5 a5
15. a4 Nd4 16. Nxd4 Qxd4 17. Rhe1 Qg4 18. Qf1 Bd7 19. h3 Qg3 20. Be4 Bc6 21.
Qe2 Rac8 22. Bxc6 Rxc6 23. Rf1 Bd4 24. Rf3 Qh4 25. g4 Rfc8 26. Be1 Qg5+ 27. Kb1
Ne8 28. Ne4 Qe7 29. c3 Bb6 30. Rfd3 Rd8 31. g5 f6 32. Bh4 Rxd3 33. Qxd3 Rc8 34.
gxf6 Nxf6 35. Qb5 Rc6 36. Rd3 Qc7 37. Bxf6 gxf6 38. Rd7 Qxd7 39. Nxf6+ Rxf6 40.
Qxd7 Rf7 41. Qe8+ 1-0

[Event "Godesberger SK 1 - Bahn-SC Wuppertal 1"]
[Site "Oberliga NRW 2016/2017"]
[Date "2017.03.05"]
[Round "7.2"]
[White "Koehler, Christian Friedrich"]
[Black "Savchenko, Aleksij"]
[Result "1/2-1/2"]
[WhiteElo "2146"]
[BlackElo "2238"]
[Annotator "Daniel"]
[PlyCount "97"]
[EventDate "2017.??.??"]
[WhiteTeam "Godesberger SK 1"]
[BlackTeam "Bahn-SC Wuppertal 1"]

1. e4 e5 2. Nf3 Nf6 3. Nxe5 d6 4. Nf3 Nxe4 5. d4 d5 6. Bd3 Nc6 7. O-O Be7 8. c4
O-O 9. Nc3 Nf6 10. h3 Nb4 11. Be2 dxc4 12. Bxc4 c6 13. a3 Nbd5 14. Re1 Be6 15.
Ne5 Nxc3 16. bxc3 Bxc4 17. Nxc4 Nd5 18. Qd3 Qc7 19. Ne5 Bd6 20. c4 Ne7 21. Nf3
Rad8 22. Ra2 Ng6 23. Rae2 Qd7 24. Qe4 Bc7 25. Bd2 Bd6 26. Bb4 Qc7 27. g3 a5 28.
Bxd6 Rxd6 29. h4 Rfd8 30. Rb2 Re6 31. Qb1 Rxe1+ 32. Qxe1 Nf8 33. c5 Ne6 34. Rb6
Qe7 35. Qxa5 Nxd4 36. Nxd4 Rxd4 37. Rb1 g6 38. Re1 Qd7 39. Qa8+ Kg7 40. Qa5 Rc4
41. Qb6 $11 Qd2 42. Rf1 Qd4 43. Qxb7 Rxc5 44. Qb6 h5 45. Re1 Qc3 46. Qb4 Qxb4
47. axb4 Rb5 48. Re4 c5 49. bxc5 1/2-1/2

[Event "Godesberger SK 1 - Bahn-SC Wuppertal 1"]
[Site "Oberliga NRW 2016/2017"]
[Date "2017.03.05"]
[Round "7.3"]
[White "Khanukov, Boris"]
[Black "Zupcevic, Samir"]
[Result "1-0"]
[WhiteElo "2255"]
[BlackElo "2104"]
[PlyCount "141"]
[EventDate "2017.??.??"]
[WhiteTeam "Bahn-SC Wuppertal 1"]
[BlackTeam "Godesberger SK 1"]

1. d4 e6 2. Nf3 Nf6 3. c4 b6 4. g3 Ba6 5. Qc2 Bb4+ 6. Bd2 Be7 7. Bg2 O-O 8. O-O
c6 9. b3 d5 10. Bf4 Nbd7 11. Nbd2 Nh5 12. Be3 Nhf6 13. Bg5 h6 14. Bxf6 Nxf6 15.
e4 Nxe4 16. Nxe4 dxe4 17. Qxe4 Bb7 18. Rac1 Rb8 19. c5 bxc5 20. dxc5 Qa5 21.
Ne5 Rfd8 22. b4 Qxa2 23. Ra1 Qb2 24. Rxa7 Rd5 25. Nxf7 Qf6 26. Nd6 Bxd6 27.
cxd6 Rxd6 28. Qe3 Bc8 29. Qc5 Qd4 30. Rc1 Bd7 31. Qxd4 Rxd4 32. Bxc6 Bxc6 33.
Rxc6 Rdxb4 34. Rxe6 R4b7 35. Re7 Rxa7 36. Rxa7 Kh7 37. Kg2 Rb2 38. g4 h5 39. h3
hxg4 40. hxg4 Kg6 41. Kg3 Rb3+ 42. f3 Kf6 43. Ra6+ Kf7 44. Ra5 g6 45. Kf4 Kf6
46. g5+ Kf7 47. Ra7+ Ke6 48. Kg4 Rb4+ 49. f4 Rb1 50. Rg7 Rg1+ 51. Kf3 Rf1+ 52.
Kg3 Kf5 53. Rf7+ Ke4 54. Re7+ Kd5 55. Rg7 Ke4 56. Rxg6 Rf3+ 57. Kg4 Rxf4+ 58.
Kh5 Ke5 59. Ra6 Rf1 60. Kh6 Rg1 61. Rf6 Rg2 62. Rf1 Ke6 63. g6 Rg3 64. g7 Ke7
65. Kh7 Rh3+ 66. Kg8 Ra3 67. Rf4 Ra1 68. Rh4 Kf6 69. Kh8 Kg5 70. g8=Q+ Kxh4 71.
Qh7+ 1-0

[Event "Godesberger SK 1 - Bahn-SC Wuppertal 1"]
[Site "Oberliga NRW 2016/2017"]
[Date "2017.03.05"]
[Round "7.4"]
[White "Stenzel, Thomas"]
[Black "Bashilin, Roman"]
[Result "1/2-1/2"]
[WhiteElo "2036"]
[BlackElo "2208"]
[PlyCount "67"]
[EventDate "2017.??.??"]
[WhiteTeam "Godesberger SK 1"]
[BlackTeam "Bahn-SC Wuppertal 1"]

1. e4 e6 2. d4 d5 3. exd5 exd5 4. Nf3 Nc6 5. Bd3 Bg4 6. Be3 Qf6 7. Nbd2 Bd6 8.
a3 Nge7 9. h3 Bh5 10. Qe2 O-O-O 11. g4 Bg6 12. O-O-O Rde8 13. Kb1 Bf4 14. Nb3
Bxe3 15. fxe3 Bxd3 16. Rxd3 Ng6 17. Qg2 Re7 18. Rf1 Qd6 19. h4 Rhe8 20. h5 Nf8
21. Qf2 Nd7 22. Nh4 g6 23. Ng2 Nd8 24. Rc3 Re4 25. Qf3 Ne6 26. Nd2 Ng5 27. Nxe4
Rxe4 28. Qe2 Nf6 29. Rf4 Re7 30. Ka2 Nfe4 31. Rd3 Ne6 32. Rf3 N6g5 33. Rf4 Ne6
34. Rf3 1/2-1/2

[Event "Godesberger SK 1 - Bahn-SC Wuppertal 1"]
[Site "Oberliga NRW 2016/2017"]
[Date "2017.03.05"]
[Round "7.5"]
[White "Ries, Benjamin"]
[Black "Hemmann, Arnold"]
[Result "1/2-1/2"]
[WhiteElo "2185"]
[BlackElo "2095"]
[Annotator "Daniel"]
[PlyCount "187"]
[EventDate "2017.??.??"]
[WhiteTeam "Bahn-SC Wuppertal 1"]
[BlackTeam "Godesberger SK 1"]

1. d4 Nf6 2. c4 e6 3. Nc3 Bb4 4. e3 b6 5. Nge2 Ne4 6. Bd2 Nxd2 7. Qxd2 Bb7 8.
a3 Be7 9. d5 O-O 10. g3 e5 11. Bg2 d6 12. O-O Nd7 13. b4 Ba6 14. Nb5 Bc8 15.
Rfc1 a6 16. Nbc3 f5 17. Qc2 Qe8 18. a4 a5 19. Nb5 Qd8 20. Bh3 axb4 21. Rcb1 Nc5
22. Rxb4 g6 23. Bg2 Bf6 $11 24. Rb2 Bd7 25. Rba2 Nb7 26. Nc1 Na5 27. Rb1 Qc8
28. Nd3 Nb7 29. Nc3 Ra5 30. e4 Qa8 31. Bh3 Be7 32. exf5 gxf5 33. Nb4 Nc5 34.
Nc6 Bxc6 35. dxc6 e4 36. Nd5 Bd8 37. Qe2 Qxc6 38. Rb5 Qe8 39. Rxa5 bxa5 40. Ne3
Qg6 41. Qd2 f4 42. Qd5+ Kh8 43. Bf5 Qg5 44. h4 Qg7 45. Ng2 fxg3 46. fxg3 Qxg3
47. Bxe4 Bxh4 48. Re2 Bf6 49. Rf2 Qg7 50. Kf1 Be5 51. Bc2 Rxf2+ 52. Kxf2 Qg3+
53. Kf1 Qg8 54. Ne3 Qe8 55. Nf5 h5 56. Qd2 Qe6 57. Qe2 Qg6 58. Qf3 Nd7 59. Qa8+
Qg8 60. Qe4 Nf6 61. Qh4 Qg4 62. Qxg4 hxg4 63. Kf2 Kg8 64. Nh6+ Kg7 65. Nf5+ Kf7
66. Nh6+ Ke7 67. Bf5 g3+ 68. Kf3 Nd7 69. Bc2 Nc5 70. Nf5+ Kd7 71. Ne3 Ne6 72.
Bf5 Ke7 73. Nd5+ Kf7 74. Bd3 c6 75. Ne3 Nc5 76. Bc2 Ke6 77. Bf5+ Kf6 78. Bc2
Kg5 79. Nf1 Ne6 80. Be4 Nd4+ 81. Ke3 Kg4 82. Bg2 Nf5+ 83. Kd3 Nh4 84. Ne3+ Kf4
85. Bxc6 Bb2 86. Ng2+ Nxg2 87. Bxg2 Ba3 88. Ke2 Bc5 89. Kd3 Bg1 90. Ke2 Ke5 91.
Kd3 Bf2 92. Bh1 Ke6 93. Ke4 Bc5 94. Bf3 1/2-1/2

[Event "Godesberger SK 1 - Bahn-SC Wuppertal 1"]
[Site "Oberliga NRW 2016/2017"]
[Date "2017.03.05"]
[Round "7.6"]
[White "Kummer, Wolfram"]
[Black "Tueckmantel, Rene"]
[Result "1/2-1/2"]
[WhiteElo "2054"]
[BlackElo "2096"]
[PlyCount "78"]
[EventDate "2017.??.??"]
[WhiteTeam "Godesberger SK 1"]
[BlackTeam "Bahn-SC Wuppertal 1"]

1. e4 e5 2. f4 exf4 3. Nf3 Nf6 4. e5 Nh5 5. Bc4 d5 6. exd6 Bxd6 7. O-O O-O 8.
d4 Nc6 9. Nc3 Bg4 10. Ne4 Nf6 11. Nxd6 Qxd6 12. c3 Rad8 13. Kh1 Ne4 14. Qe1
Rfe8 15. Qh4 Bxf3 16. gxf3 Qf6 17. Qxf6 Nxf6 18. Bxf4 Ne7 19. Rae1 Nfd5 20. Bg5
f6 21. Bf4 Kf8 22. Bc1 c6 23. Kg2 Nf5 24. Kf2 Nh4 25. Re4 Nf5 26. Bd3 Nde7 27.
Bf4 a6 28. Bc7 Rd7 29. Bb6 Nd6 30. Ree1 Nd5 31. Bc5 g6 32. Re4 Kf7 33. Bxd6
Rxd6 34. Bc4 Rde6 35. Rfe1 f5 36. Bxd5 cxd5 37. Rxe6 Rxe6 38. Rxe6 Kxe6 39. f4
b5 1/2-1/2